| 000 | 00468 a2200169 4500 | ||
|---|---|---|---|
| 999 |
_c8746 _d8746 |
||
| 020 | _a9780421963603 | ||
| 050 | _aKD830.G73 GRA 2010 | ||
| 100 | _aGravells, Nigel P. | ||
| 245 |
_aLand law : _btext and materials / _cby Nigel P. Gravells |
||
| 250 | _a4th ed. | ||
| 264 |
_aLondon : _bThomson Reuters ; _c2010. |
||
| 300 | _alxiii, 988p.; | ||
| 500 | _aIncludes index. | ||
| 650 | _xLand law | ||
| 650 | _aLand ownership | ||
| 942 |
_2lcc _cBK _e4th ed. _h830.G73 _iGRA _kKD |
||